Advances in environmental remote sensing
Αποθηκεύτηκε σε:
| Άλλοι συγγραφείς: | , |
|---|---|
| Μορφή: | Βιβλίο |
| Γλώσσα: | English |
| Δημοσίευση: |
Chichester :
John Wiley and sons,
c1995
|
| Θέματα: | |
| Ετικέτες: |
Προσθήκη ετικέτας
Δεν υπάρχουν, Καταχωρήστε ετικέτα πρώτοι!
|
MARC
| LEADER | 00000nam a2200000 i 4500 | ||
|---|---|---|---|
| 001 | 1/16447 | ||
| 008 | 980731s1995 eng d | ||
| 020 | |a 0-471-95464-0 | ||
| 035 | |l 10020197 | ||
| 040 | |a GR-MY-UA |b gre |e aacr | ||
| 041 | 0 | |a eng | |
| 082 | 0 | |a 621.3678 | |
| 245 | 1 | 0 | |a Advances in environmental remote sensing / |c edited by F. Mark Danson; Stephen E. Plummer |
| 260 | |a Chichester : |b John Wiley and sons, |c c1995 | ||
| 300 | |a 184 p. | ||
| 504 | |a Includes bibliographical references and index | ||
| 650 | 0 | 0 | |a Environmental sciences |x Remote sensing. |
| 700 | 0 | |a Danson, F. Mark. |4 edt | |
| 700 | 0 | |a Plummer, Stephen |b E. |4 edt | |
| 852 | |a INST |b LESVOS |e 19980731 |h 621.3678 ADV |p 005100013271 |q 005100013271 |t BK |y 0 | ||
| 901 | |a BIBL-1998-3 | ||
| 909 | |a Λ |b 058626 | ||
| 922 | |a 1ΕΛΗ |b 199807 |c ΚΠΣ/ΤΠ |d ΠΑΠΑΣΩΤΗΡΙΟΥ | ||
| 950 | |a 107-1998-05-27 | ||